[Event "TUR-chT2"]
[Site "Konya"]
[Date "2017.07.15"]
[Round "9.2"]
[White "Demiroz, Alp"]
[Black "Baycan, Alper"]
[Result "0-1"]
[WhiteElo "1671"]
[BlackElo "1842"]
[PlyCount "86"]
[EventDate "2017.07.09"]
[EventType "team-swiss"]
[EventRounds "9"]
[EventCountry "TUR"]
[SourceTitle "CBM 179 Extra"]
[Source "ChessBase"]
[SourceDate "2017.08.23"]
[SourceVersion "1"]
[SourceVersionDate "2017.08.23"]
[SourceQuality "1"]
[WhiteTeam "Pendik Dernegi"]
[BlackTeam "Masal Diyari"]
[WhiteTeamCountry "TUR"]
[BlackTeamCountry "TUR"]

1. e4 Nf6 2. e5 Nd5 3. d4 d6 4. exd6 cxd6 5. c4 Nb6 6. Nc3 g6 7. Be3 Bg7 8. Nf3 0-0 9. Be2 Bg4 10. b3 Nc6 11. Rc1 d5 12. c5 Nc8 13. h3 Bxf3 14. Bxf3 e6 15. 0-0 N8e7 16. g4 f5 17. Ne2 fxg4 18. Bxg4 Nf5 19. Bxf5 Rxf5 20. Ng3 Rf8 21. Qg4 Qf6 22. Bg5 Qf7 23. Rcd1 Rae8 24. Ne2 h5 25. Qg2 Qf5 26. h4 Kh7 27. Rd2 Rf7 28. f4 Ref8 29. Kh2 Bf6 30. Bxf6 Qxf6 31. Qg5 Qxg5 32. hxg5 e5 33. dxe5 Nxe5 34. Rxd5 Ng4+ 35. Kg3 Ne3 36. Rfd1 Nxd1 37. Rxd1 Re7 38. Kf3 Rfe8 39. Nd4 Re3+ 40. Kf2 Rc3 41. b4 Re4 42. f5 gxf5 43. Nf3 Rf4 0-1

[Event "TUR-chT2"]
[Site "Konya"]
[Date "2011.07.05"]
[Round "2"]
[White "Baycan, Alper"]
[Black "Erden, Kadir"]
[Result "1/2-1/2"]
[WhiteElo "1821"]
[BlackElo "2240"]
[PlyCount "134"]
[EventDate "2011.07.04"]
[EventType "team-swiss"]
[EventRounds "9"]
[EventCountry "TUR"]
[SourceTitle "CBM 143 Extra"]
[Source "ChessBase"]
[SourceDate "2011.08.29"]
[SourceVersion "1"]
[SourceVersionDate "2011.08.29"]
[SourceQuality "1"]
[WhiteTeam "Kocaeli Cenesuyu Plajyolu"]
[BlackTeam "Istanbul Moda"]
[WhiteTeamCountry "TUR"]
[BlackTeamCountry "TUR"]

1. e4 d6 2. Nc3 g6 3. f4 Bg7 4. Nf3 a6 5. g3 b5 6. Bg2 Bb7 7. d3 Nf6 8. 0-0 0-0 9. h3 c5 10. g4 b4 11. Ne2 Nc6 12. Qe1 Ne8 13. f5 Ne5 14. Nf4 Nxf3+ 15. Bxf3 Nc7 16. Kh1 e6 17. fxe6 fxe6 18. Bg2 Qe7 19. Rb1 Rf7 20. Be3 Raf8 21. Qd2 e5 22. Ne2 Rxf1+ 23. Rxf1 Rxf1+ 24. Bxf1 Qf7 25. Bg2 Qxa2 26. c3 bxc3 27. Nxc3 Qf7 28. Ne2 Nb5 29. Qa5 Qc7 30. Qa2+ Kf8 31. Qc4 Qf7 32. Qa4 h6 33. Qa5 Kg8 34. Qd8+ Kh7 35. Qh4 Qf6 36. g5 Qe7 37. Ng3 Kg8 38. Qg4 h5 39. Qd1 Nd4 40. Qa4 Kh7 41. Nf1 Qf7 42. Nd2 Nc6 43. Nc4 Qe7 44. Qb3 Nb4 45. Na5 Bc8 46. Bd2 Be6 47. Qa3 d5 48. Nb3 Nxd3 49. exd5 Bf5 50. Qxa6 Nf4 51. d6 Qxg5 52. Bxf4 exf4 53. Qe2 Qg3 54. Nxc5 Bxh3 55. d7 Bxg2+ 56. Qxg2 Qe1+ 57. Qg1 Qh4+ 58. Qh2 Qe1+ 59. Qg1 Qh4+ 60. Qh2 Qg5 61. Qg2 Qh4+ 62. Qh2 Qe1+ 63. Qg1 Qh4+ 64. Qh2 Qe1+ 65. Qg1 Qh4+ 66. Qh2 Qe1+ 67. Qg1 Qh4+ 1/2-1/2

[Event "FICGS W-ch st1 g18 email"]
[Site "FICGS email"]
[Date "2006.07.19"]
[Round "1"]
[White "Baycan, Alper"]
[Black "Houpt, David"]
[Result "0-1"]
[WhiteElo "1626"]
[BlackElo "2108"]
[PlyCount "30"]
[EventDate "2006.??.??"]
[EventType "tourn (corr)"]
[EventRounds "8"]
[SourceTitle "Corr 2022"]
[Source "ChessBase"]
[SourceDate "2021.10.24"]
[SourceVersion "1"]
[SourceVersionDate "2021.10.24"]
[SourceQuality "1"]

1. e4 e5 2. f4 d5 3. exd5 exf4 4. Nf3 Nf6 5. c4 Bd6 6. Nc3 0-0 7. Be2 c5 8. 0-0 a6 9. Kh1 Re8 10. d4 Ng4 11. a3 Nd7 12. dxc5 Bxc5 13. Nd4 f3 14. Bxf3 Nxh2 15. g3 Nxf1 0-1

[Event "FICGS class C 000008 email"]
[Site "FICGS email"]
[Date "2006.07.14"]
[Round "1"]
[White "Baron, Ovidiu"]
[Black "Baycan, Alper"]
[Result "1-0"]
[WhiteElo "1615"]
[BlackElo "1626"]
[PlyCount "21"]
[EventDate "2006.??.??"]
[EventType "tourn (corr)"]
[EventRounds "4"]
[SourceTitle "Corr 2022"]
[Source "ChessBase"]
[SourceDate "2021.10.24"]
[SourceVersion "1"]
[SourceVersionDate "2021.10.24"]
[SourceQuality "1"]

1. d4 Nf6 2. c4 e6 3. Nf3 b6 4. g3 Bb7 5. Bg2 Bb4+ 6. Bd2 Qe7 7. 0-0 d5 8. Qa4+ Nc6 9. cxd5 exd5 10. Ne5 Bxd2 11. Nxd2 1-0

[Event "FICGS rapid B 000009 email"]
[Site "FICGS email"]
[Date "2006.07.11"]
[Round "1"]
[White "Baycan, Alper"]
[Black "Kiren, Halil"]
[Result "1/2-1/2"]
[WhiteElo "1626"]
[BlackElo "1700"]
[PlyCount "44"]
[EventDate "2006.??.??"]
[EventType "tourn (rapid)"]
[EventRounds "6"]
[SourceTitle "Corr 2022"]
[Source "ChessBase"]
[SourceDate "2021.10.24"]
[SourceVersion "1"]
[SourceVersionDate "2021.10.24"]
[SourceQuality "1"]

1. e4 c6 2. d4 d5 3. Nc3 g6 4. e5 Bg7 5. f4 h5 6. Nf3 e6 7. Bd3 Ne7 8. 0-0 a6 9. Ne2 c5 10. dxc5 h4 11. Be3 h3 12. g4 Nbc6 13. c3 Bd7 14. b4 Qc7 15. a4 f6 16. exf6 Bxf6 17. Qc2 0-0 18. Bxg6 e5 19. g5 Bg7 20. fxe5 Nxg6 21. Qxg6 Rae8 22. Bd4 Nxe5 1/2-1/2

[Event "FICGS rapid B 000009 email"]
[Site "FICGS email"]
[Date "2006.07.11"]
[Round "1"]
[White "Baycan, Alper"]
[Black "Riha, Josef"]
[Result "0-1"]
[WhiteElo "1626"]
[BlackElo "1592"]
[PlyCount "70"]
[EventDate "2006.??.??"]
[EventType "tourn (rapid)"]
[EventRounds "6"]
[SourceTitle "Corr 2022"]
[Source "ChessBase"]
[SourceDate "2021.10.24"]
[SourceVersion "1"]
[SourceVersionDate "2021.10.24"]
[SourceQuality "1"]

1. e4 c6 2. d4 d5 3. exd5 cxd5 4. c4 Nf6 5. Nc3 Nc6 6. Nf3 Bg4 7. cxd5 Nxd5 8. Qb3 Bxf3 9. gxf3 Nb6 10. d5 Ne5 11. Bb5+ Nbd7 12. Ne4 a6 13. Be2 Qb6 14. f4 Ng6 15. 0-0 Qxb3 16. axb3 Rb8 17. Be3 Nf6 18. Nxf6+ exf6 19. Rac1 Bd6 20. f5 Ne7 21. Bg4 Kd7 22. Rfd1 h5 23. Bh3 Rbc8 24. Rc3 Rhe8 25. Rxc8 Rxc8 26. Rd2 Rc1+ 27. Kg2 Re1 28. Bd4 Nxd5 29. Bc5 Bxc5 30. Rxd5+ Bd6 31. Rd2 b5 32. Rc2 Rd1 33. Re2 a5 34. Rc2 Rd3 35. Rc3 Rxc3 0-1